Fraude en la red: aprenda a protegerse contra el fraude en internet (Registro nro. 10553)

Detalles MARC
000 -Cabecera
Campo de control de longitud fija 01501nam a22006017a 4500
005 - Fecha y hora de la última transacción
Campo de control 20260304160209.0
008 - Elementos de longitud fija--Información general
Campo de control de longitud fija 180412b2012 xxu||||| |||| 00| 0 spa d
020 ## - International Standard Book Number
Número Internacional Estándar del Libro (ISBN) 9789587620665
041 ## - Idioma
Código de idioma Español
082 ## - Clasificación Decimal Dewey
Número de clasificación 364.106 G934f
100 ## - Entrada principal--Autor personal
Nombre personal Guerrero, Diego
9 (RLIN) 46663
245 ## - Título propiamente dicho
Título Fraude en la red: aprenda a protegerse contra el fraude en internet
260 ## - Pie de imprenta
Lugar de publicación, distribución, etc. España
260 ## - Pie de imprenta
Nombre del editor, distribuidor, etc. Ediciones de la U
260 ## - Pie de imprenta
Fecha de publicación, distribución, etc. 2012
300 ## - Descripción física
Extensión 225 páginas
490 ## - Serie
Título de la Serie Investigación Criminal
650 ## - Materia general
Temática (materia general) FRAUDE ELECTRÓNICO
650 ## - Materia general
Temática (materia general) DELITOS TECNOLÓGICOS
650 ## - Materia general
Temática (materia general) PHISING
650 ## - Materia general
Temática (materia general) PHARMING
650 ## - Materia general
Temática (materia general) PHISING CAR
650 ## - Materia general
Temática (materia general) VENTAS TRAMPA
650 ## - Materia general
Temática (materia general) SCAM
650 ## - Materia general
Temática (materia general) SCAM BAITING
650 ## - Materia general
Temática (materia general) DIALERS
650 ## - Materia general
Temática (materia general) RECARGA DE MÓVILES
650 ## - Materia general
Temática (materia general) SORTEOS MÓVILES
650 ## - Materia general
Temática (materia general) VISHING
650 ## - Materia general
Temática (materia general) SMISHING
650 ## - Materia general
Temática (materia general) CASINOS EN LÍNEA
650 ## - Materia general
Temática (materia general) SECUESTRADOR DE DATOS
650 ## - Materia general
Temática (materia general) PAYPAL
650 ## - Materia general
Temática (materia general) TARJETA ELECTRÓNICA
650 ## - Materia general
Temática (materia general) MOBIPAY
650 ## - Materia general
Temática (materia general) MEDIOS DE PAGO
650 ## - Materia general
Temática (materia general) VIRUS
650 ## - Materia general
Temática (materia general) VIRUS DE BOOT
650 ## - Materia general
Temática (materia general) VIRUS DE FICHERO
650 ## - Materia general
Temática (materia general) VIRUS DE MACRO
650 ## - Materia general
Temática (materia general) TROYANOS
650 ## - Materia general
Temática (materia general) SPYWARE
650 ## - Materia general
Temática (materia general) GUSANOS
650 ## - Materia general
Temática (materia general) WORMS
650 ## - Materia general
Temática (materia general) STEALTH MULTIPROPÓSITO
650 ## - Materia general
Temática (materia general) JOKE
650 ## - Materia general
Temática (materia general) VIRUS DE FAT
650 ## - Materia general
Temática (materia general) CRYPTOVIRUS
650 ## - Materia general
Temática (materia general) VIRUS POLIMÓRFICOS
650 ## - Materia general
Temática (materia general) REDES SOCIALES
650 ## - Materia general
Temática (materia general) DNI ELECTRÓNICO
942 ## - Punto de acceso adicional KOHA
Tipo de ítem KOHA Libro
Fuente del sistema de clasificación o colocación Dewey Decimal Classification
Existencias
Signatura completa Código de barras Programa Académico Tipo de ítem
364.106 G934f 23139 Investigación Criminal Libro